000 00745nam a2200253Ia 4500
003 OSt
005 20220918192140.0
006 a|||||r|||| 00| 0
007 ta
008 220917b |||||||| |||| 00| 0 eng d
024 _a67,239
037 _cTextual
040 _aARTS
_cARTS
_beng
041 _2eng
_aeng
082 _aR2v58N63<-N47, K4
100 _aBlakeley Thomas J
_976150
245 0 _aSoviet theory of knowledge
260 _aDordrecht
_bD Reidel Pub
_c1964
300 _avii,203p.
_ccm.
490 _aSovietica monographs of the Institute of East European studies ed by J B Bochenski
500 _aBib 146-93p
942 _hR2v58N63<-N47, K4
_cTEXL
_2CC
999 _c193472
_d193472